<?xml version="1.0" encoding="UTF-8"?>
<record
    xmlns:xsi="http://www.w3.org/2001/XMLSchema-instance"
    xsi:schemaLocation="http://www.loc.gov/MARC21/slim http://www.loc.gov/standards/marcxml/schema/MARC21slim.xsd"
    xmlns="http://www.loc.gov/MARC21/slim">

  <leader>01675nam a22003137a 4500</leader>
  <controlfield tag="001">000000566</controlfield>
  <controlfield tag="003">DO-SdBNP</controlfield>
  <controlfield tag="005">20250506100337.0</controlfield>
  <controlfield tag="007">ta</controlfield>
  <controlfield tag="008">210916b    2015 dr  00| 0 eng d</controlfield>
  <datafield tag="020" ind1=" " ind2=" ">
    <subfield code="a">9789945410211</subfield>
  </datafield>
  <datafield tag="040" ind1=" " ind2=" ">
    <subfield code="a">DO-SdBNP</subfield>
    <subfield code="b">spa</subfield>
    <subfield code="c">BNPHU</subfield>
  </datafield>
  <datafield tag="082" ind1=" " ind2="4">
    <subfield code="a">BNPHU 972.93053</subfield>
    <subfield code="b">A451u, 2015</subfield>
  </datafield>
  <datafield tag="100" ind1="1" ind2=" ">
    <subfield code="a">Almoina, Jos&#xE9;,</subfield>
    <subfield code="d">1903-1960</subfield>
    <subfield code="9">1865</subfield>
  </datafield>
  <datafield tag="245" ind1="1" ind2="0">
    <subfield code="a">Una satrap&#xED;a en el Caribe /</subfield>
    <subfield code="c">Jos&#xE9; Almoina ; pr&#xF3;logo Orlando Inoa</subfield>
  </datafield>
  <datafield tag="260" ind1=" " ind2=" ">
    <subfield code="a">Santo Domingo :</subfield>
    <subfield code="b">Letra Gr&#xE1;fica,</subfield>
    <subfield code="c">2015.</subfield>
  </datafield>
  <datafield tag="300" ind1=" " ind2=" ">
    <subfield code="a">415 p. ;</subfield>
    <subfield code="c">18 cm.</subfield>
  </datafield>
  <datafield tag="490" ind1=" " ind2=" ">
    <subfield code="a">Vintage books</subfield>
  </datafield>
  <datafield tag="500" ind1=" " ind2=" ">
    <subfield code="a">Incluye datos biogr&#xE1;ficos del autor en las solapas</subfield>
  </datafield>
  <datafield tag="504" ind1=" " ind2=" ">
    <subfield code="a">Incluye referencias bibliogr&#xE1;ficas y notas al pie de las p&#xE1;ginas</subfield>
  </datafield>
  <datafield tag="505" ind1="0" ind2=" ">
    <subfield code="t">Presentaci&#xF3;n a la edici&#xF3;n dominicana --</subfield>
    <subfield code="t">Aclaraci&#xF3;n importante --</subfield>
    <subfield code="t">Dedicatoria --</subfield>
    <subfield code="t">Advertencia indispensable --</subfield>
    <subfield code="t">La familia de Trujillo --</subfield>
    <subfield code="t">La familia de Chapita --</subfield>
    <subfield code="t">Los que rodean al s&#xE1;trapa: alcahuetes, bufones, lacayos y aduladores --</subfield>
    <subfield code="t">Tretas de que se vali&#xF3; el megaloman&#xED;aco Trujillo para captar el poder --</subfield>
    <subfield code="t">&#xBF;C&#xF3;mo se sostiene el s&#xE1;trapa? --</subfield>
    <subfield code="t">La ferocidad m&#xE1;s que neroniana del mulato Chapita --</subfield>
    <subfield code="t">Inexistencia de los poderes legislativo y judicial y trasiegos burocr&#xE1;ticos --</subfield>
    <subfield code="t">Un r&#xE9;gimen monopolista --</subfield>
    <subfield code="t">La pol&#xED;tica internacional del tirano --</subfield>
    <subfield code="t">Documentos y noticias corroborantes --</subfield>
    <subfield code="t">&#xCD;ndice onom&#xE1;stico.</subfield>
  </datafield>
  <datafield tag="590" ind1=" " ind2=" ">
    <subfield code="a">Inventariado, 2021/BT</subfield>
  </datafield>
  <datafield tag="600" ind1="1" ind2="0">
    <subfield code="a">Trujillo Molina, Rafael Le&#xF3;nicas, </subfield>
    <subfield code="d">1891-1961</subfield>
    <subfield code="9">87653</subfield>
  </datafield>
  <datafield tag="651" ind1="1" ind2="4">
    <subfield code="a">Rep&#xFA;blica Dominicana</subfield>
    <subfield code="x">Pol&#xED;tica y gobierno</subfield>
    <subfield code="y">Era de Trujillo, 1930-1961</subfield>
    <subfield code="9">1374</subfield>
  </datafield>
  <datafield tag="700" ind1="1" ind2=" ">
    <subfield code="a">Inoa, Orlando</subfield>
    <subfield code="e">pr&#xF3;l.</subfield>
    <subfield code="9">5784</subfield>
  </datafield>
  <datafield tag="830" ind1=" " ind2="0">
    <subfield code="n">Vintage books</subfield>
    <subfield code="9">79924</subfield>
  </datafield>
  <datafield tag="910" ind1=" " ind2=" ">
    <subfield code="a">Btav&#xE1;rez</subfield>
  </datafield>
  <datafield tag="942" ind1=" " ind2=" ">
    <subfield code="2">ddc</subfield>
    <subfield code="c">LBS1</subfield>
  </datafield>
  <datafield tag="952" ind1=" " ind2=" ">
    <subfield code="0">0</subfield>
    <subfield code="1">0</subfield>
    <subfield code="2">ddc</subfield>
    <subfield code="7">1</subfield>
    <subfield code="8">MO</subfield>
    <subfield code="a">BNPHU</subfield>
    <subfield code="b">PD</subfield>
    <subfield code="c">HD</subfield>
    <subfield code="d">2021-09-16</subfield>
    <subfield code="e">Compra</subfield>
    <subfield code="l">0</subfield>
    <subfield code="o">BNPHU PD 972.93053 A451u, 2015</subfield>
    <subfield code="p">2021-26689</subfield>
    <subfield code="r">2021-09-16</subfield>
    <subfield code="w">2021-09-16</subfield>
    <subfield code="y">LBS1</subfield>
  </datafield>
  <datafield tag="952" ind1=" " ind2=" ">
    <subfield code="0">0</subfield>
    <subfield code="1">0</subfield>
    <subfield code="2">ddc</subfield>
    <subfield code="7">1</subfield>
    <subfield code="8">MO</subfield>
    <subfield code="a">BNPHU</subfield>
    <subfield code="b">PD</subfield>
    <subfield code="c">HD</subfield>
    <subfield code="d">2021-09-16</subfield>
    <subfield code="e">Compra</subfield>
    <subfield code="l">0</subfield>
    <subfield code="o">BNPHU PD 972.93053 A451u, 2015</subfield>
    <subfield code="p">2021-26690</subfield>
    <subfield code="r">2021-09-16</subfield>
    <subfield code="t">e.2</subfield>
    <subfield code="w">2021-09-16</subfield>
    <subfield code="y">LBS1</subfield>
  </datafield>
  <datafield tag="999" ind1=" " ind2=" ">
    <subfield code="c">50548</subfield>
    <subfield code="d">50548</subfield>
  </datafield>
</record>
